Time sanctified : the Book of Hours in Medieval art and life /

Bibliographic Details
Main Author: Wieck, Roger S.
Corporate Author: Walters Art Gallery (Baltimore, Md.)
Other Authors: Poos, Lawrence R. (Lawrence Raymond), Reinburg, Virginia, Plummer, John
Format: Book
Language:English
Published: New York, N.Y. : George Braziller, in association with the Walters Art Gallery, 1988.
Edition:1st ed.
Subjects:

MARC

Tag First Indicator Second Indicator Subfields
LEADER 00000cam a22000008a 4500
001 in00000030336
005 20151007060306.0
008 870519s1988 nyua bc 00110 eng
010 |a  87015084  
020 |a 0807611891 
020 |a 0807611905 (pbk.) 
035 |a (OCoLC)16227223 
035 |9 AAC0502AM 
040 |a DLC  |c DLC  |d TXA  |d UtOrBLW 
049 |a TXAM  |c [A10937434] 
050 0 0 |a BX2080  |b .W54 1988 
082 0 |a 242  |2 19 
100 1 |a Wieck, Roger S. 
245 1 0 |a Time sanctified :  |b the Book of Hours in Medieval art and life /  |c Roger S. Wieck ; with essays by Lawrence R. Poos, Virginia Reinburg, John Plummer. 
250 |a 1st ed. 
263 |a 8803 
264 1 |a New York, N.Y. :  |b George Braziller, in association with the Walters Art Gallery,  |c 1988. 
300 |a 230 pages :  |b illustrations (some color) 
336 |a text  |b txt  |2 rdacontent 
337 |a unmediated  |b n  |2 rdamedia 
338 |a volume  |b nc  |2 rdacarrier 
500 |a Catalog of an exhibition. 
500 |a Includes index. 
650 0 |a Books of hours  |x Exhibitions. 
700 1 |a Poos, Lawrence R.  |q (Lawrence Raymond) 
700 1 |a Reinburg, Virginia. 
700 1 |a Plummer, John. 
710 2 |a Walters Art Gallery (Baltimore, Md.) 
999 |a MARS 
999 f f |s 22b1a177-bcbc-35f0-88db-cb6ea59431f0  |i 4252d7de-4363-35b2-ab0b-10c55d3e6663  |t 0 
952 f f |p normal  |a Texas A&M University  |b College Station  |c Sterling C. Evans Library  |d Evans: Library Stacks  |t 0  |e BX2080 .W54 1988  |h Library of Congress classification  |i unmediated -- volume  |m A14810937434 
998 f f |a BX2080 .W54 1988  |t 0  |l Evans: Library Stacks